| 000 | 00475nam a2200181Ia 4500 | ||
|---|---|---|---|
| 005 | 20250508163537.0 | ||
| 008 | 008 250505s9999 xx 000 0 hin d | ||
| 037 | _aTextual | ||
| 040 |
_aFEDL _beng _cFEDL |
||
| 041 |
_ahin _2hin |
||
| 084 |
_a611.84, AGG _qFEDL |
||
| 100 |
_aAgrawal M S _9775601 |
||
| 245 | 0 | _aAankhen | |
| 260 |
_aDelhi, India _bPrabhat Prakashan _c1990 |
||
| 300 | _a216p | ||
| 942 |
_cTEXL _h611.84, AGG |
||
| 999 |
_c1383987 _d1383987 |
||